000 00810nam a2200241 a 4500
001 46227
003 BD-RjUL
005 20211209054126.0
008 160801m1963 ilua o 001 0 eng d
035 _a(BD-RjUL)46345
040 _aOCLCE
_beng
_cOCLCE
_dBD-RjUL
041 _aeng
082 _223
_a301.7
_bMOA 1963
100 1 _aMorgan, Lewis Henry
_d1818-1881.
_9141209
245 1 0 _aAncient society :
_bor researches in the lines of human progress from savagery through barbarism to civilization /
_cLewis H. Morgan
260 _aNewYork :
_bMeridian book theworld pub. ,,
_c1877,[1st Printing 1963]
300 _axx, 569 p. :
_bill ;
_c20 cm.
500 _aIncludes Index
650 0 _aPrimitive societies.
_9124273
650 0 _aCivilization.
_9141210
650 0 _aSociology.
_9141211
942 _2ddc
_cBK
999 _c46227
_d46227